Statistics for WWE All Wrestlers who had a Match in PPV 2023

Click here to take the quiz!

General Stats

  • This quiz has been taken 190 times
  • The average score is 175 of 214

Answer Stats

HintAnswer% Correct
Crown Jewel | Elimination Chamber | Money In The Bank | +4 othersRoman Reigns
98%
Backlash | Crown Jewel | Fastlane | +6 othersCody Rhodes
97%
Backlash | Crown Jewel | Elimination Chamber | +7 othersSeth Rollins
96%
Survivor SeriesRandy Orton
94%
Backlash | Crown Jewel | Elimination Chamber | +4 othersRhea Ripley
94%
Backlash | Fastlane | Money In The Bank | +3 othersJey Uso
92%
Backlash | Fastlane | Money In The Bank | Wrestlemania 39Jimmy Uso
92%
Backlash | Night Of Champions | Payback | +2 othersKevin Owens
92%
Crown Jewel | Summerslam | Survivor Series | Wrestlemania 39Drew Mcintyre
91%
Backlash | Crown Jewel (Kick Off) | Elimination Chamber | +4 othersSami Zayn
91%
Backlash | Crown Jewel | Elimination Chamber | +4 othersDamian Priest
90%
Crown Jewel | Fastlane | Payback | +2 othersLA Knight
90%
Backlash | Night Of Champions | Summerslam | Wrestlemania 39Brock Lesnar
89%
Crown Jewel | Fastlane | Payback | Wrestlemania 39Rey Mysterio
89%
Elimination Chamber | Fastlane | Money In The Bank | +4 othersFinn Balor
88%
Crown Jewel | Summerslam | Wrestlemania 39Logan Paul
87%
Night Of Champions | Payback | Survivor Series | Wrestlemania 39Becky Lynch
86%
Backlash | Crown Jewel | Night Of Champions | +4 othersBianca Belair
86%
Fastlane | Summerslam | Survivor Series | Wrestlemania 39Charlotte Flair
86%
Money In The Bank | Night Of Champions | Summerslam | +2 othersGunther
86%
Elimination Chamber
| Fastlane | Night Of Champions | +3 others
Asuka
85%
Survivor Series | Wrestlemania 39Bayley
85%
Backlash | Crown Jewel | Fastlane | +2 othersSolo Sikoa
85%
Money In The Bank | Survivor Series | Wrestlemania 39Dominik Mysterio
84%
Crown Jewel | Fastlane | Wrestlemania 39John Cena
84%
Payback | Survivor SeriesThe Miz
84%
Backlash | Elimination Chamber | Payback | Wrestlemania 39Austin Theory
83%
Backlash | Crown Jewel | Fastlane | +4 othersIyo Sky
80%
Wrestlemania 39Sheamus
80%
Elimination Chamber | Wrestlemania 39Edge
79%
Wrestlemania 39Chad Gable
77%
Wrestlemania 39Otis
77%
Night Of ChampionsAJ Styles
74%
Backlash | Elimination Chamber | FastlaneBobby Lashley
74%
Royal RumbleBray Wyatt
74%
Elimination Chamber | Fastlane | Wrestlemania 39Montez Ford
74%
Summerslam | Wrestlemania 39Ricochet
74%
Money In The Bank | Summerslam | Wrestlemania 39Ronda Rousey
72%
Fastlane | Wrestlemania 39Angelo Dawkins
71%
BacklashBad Bunny
71%
Wrestlemania 39Braun Strowman
71%
Wrestlemania 39Dakota Kai
71%
Fastlane | Survivor SeriesSantos Escobar
70%
Night Of Champions | Payback | Wrestlemania 39Trish Stratus
70%
Elimination Chamber | Money In The Bank | Wrestlemania 39Liv Morgan
69%
Crown JewelNia Jax
69%
Backlash | Wrestlemania 39Omos
69%
Crown Jewel | Survivor SeriesZoey Stark
69%
Crown Jewel (Kick Off) | Survivor SeriesJD Mcdonagh
68%
Fastlane | PaybackShinsuke Nakamura
68%
Wrestlemania 39Lita
67%
Elimination Chamber | Night Of Champions | Wrestlemania 39Natalya
67%
FastlaneCarlito
66%
Wrestlemania 39Ivar
65%
Crown Jewel | Elimination Chamber | Money In The Bank | Wrestlemania 39Raquel Rodriguez
65%
Survivor SeriesKairi Sane
64%
Crown Jewel | Money In The Bank | Summerslam | Wrestlemania 39Shayna Baszler
64%
Survivor Series | Wrestlemania 39Shotzi
64%
Wrestlemania 39Erik
63%
Backlash | Money In The BankMatt Riddle
61%
Backlash | Elimination ChamberBronson Reed
59%
Survivor SeriesDragon Lee
59%
BacklashZelina Vega
59%
Royal RumbleAlexa Bliss
53%
Wrestlemania 39Chelsea Green
53%
Night Of ChampionsMustafa Ali
47%
Elimination ChamberCarmella
46%
Elimination ChamberJohnny Gargano
46%
Elimination ChamberBeth Phoenix
44%
Wrestlemania 39Sonya Deville
44%
Elimination ChamberNikki Cross
35%

Score Distribution

Percentile by Number Answered

Percent of People with Each Score

Your Score History

You have not taken this quiz